|
|
|
|
| LEADER |
00959cam a2200265 7i4500 |
| 001 |
0000068095 |
| 005 |
20220426090000.0 |
| 020 |
|
|
|a 9781849736374
|
| 020 |
|
|
|a 9781849737593 (electronic book)
|
| 090 |
0 |
0 |
|a TJ853.4.M53
|b M58 2015
|
| 245 |
0 |
0 |
|a Microfluidics for medical applications
|c edited by Albert van den Berg, Loes Segerink.
|
| 264 |
|
|
|a Cambridge, UK:
|b Royal Society of Chemistry,
|c 2015.
|
| 300 |
|
|
|a 1 online resource (xvii, 303 pages):
|b illustrations, text file, PDF.
|
| 336 |
|
|
|a text
|2 rdacontent
|
| 337 |
|
|
|a computer
|2 rdamedia
|
| 338 |
|
|
|a onlline resource
|2 rdacarrier
|
| 650 |
0 |
0 |
|a Medical technology
|
| 650 |
0 |
0 |
|a Microfluidics
|
| 655 |
0 |
0 |
|a Electronic books
|
| 700 |
1 |
|
|a Segerink, Loes
|
| 700 |
1 |
|
|a Berg, A. van den
|
| 856 |
4 |
2 |
|u http://library.unisel.edu.my/web/guest/mylibrary
|
| 997 |
|
|
|a Health Sciences, Faculty
|
| 998 |
|
|
|a Medical Laboratory Technology, Diploma
|
| 999 |
|
|
|a EBO0012350
|b EBOOK
|c EBOOK
|e Electronic resources
|